Historical Communist Asian States - Statistics

General Stats
  • This quiz has been taken 21 times
    3 since last reset
  • The average score is 27 of 34
Answer Stats
Existed Type Answer % Correct
1931-1937 M-L Chinese Soviet Republic
100%
1975-1979 Maoist Democratic Kampuchea
100%
1948-Present Juche Democratic People's Republic of Korea
100%
1978-1987 Soviet Democratic Republic of Afghanistan
100%
1975 Socialist Democratic Republic of East Timor
100%
1945 Soviet Inner Mongolian People's Republic
100%
1987-1992 Socialist Islamic Republic of Afghanistan
100%
1975-Present M-L Lao People's Democratic Republic
100%
1924-1992 M-L Mongolian People's Republic
100%
1967-1990 M-L People's Democratic Republic of Yemen
100%
1949-Present Dengist People's Republic of China
100%
1979-1989 M-L People's Republic of Kampuchea
100%
1945-1946 Socialist People's Republic of Korea
100%
1968-2003 Ba'ath Republic of Iraq
100%
1990-1991 Ba'ath Republic of Kuwait
100%
1976-Present Socialist Socialist Republic of Vietnam
100%
1920-1921 Soviet Socialist Soviet Republic of Gilan
100%
2016-Present Anarchist Autonomous Administration of North & East Syria
67%
1945-1946 Soviet Azerbaijan People's Government
67%
1920-1924 Soviet Bukharan People's Soviet Republic
67%
1918-1921 Socialist Democratic Republic of Georgia
67%
1954-1975 M-L Democratic Republic of Vietnam
67%
2006-Present Socialist Federal Democratic Republic of Nepal
67%
1920-1923 Soviet Khorezm People's Soviet Republic
67%
1946 Soviet Republic of Mahabad
67%
1962–1988 Burmese Socialist Republic of the Union of Burma
67%
1963-2024 Ba'ath Syrian Arab Republic
67%
1922 Soviet Transcaucasian Socialist Federative Soviet Republic
67%
1921-1944 Soviet Tuvan People's Republic
67%
1989-Present M-L Wa State
67%
2023-Present M-L Karenni Armies
33%
1989-Present Maoist Kokang
33%
1989-Present Maoist Mong La
33%
1944-1946 Soviet Second East Turkestan Republic
33%
No matching quizzes found
Score Distribution
Percent of People with Each Score
Percentile by Number Answered
Your Score History
You have not taken this quiz since the last reset